Biologie - Vrai/Faux sur les procaryotes - Statistiques

Statistiques générales
  • Ce quiz a été pris 103 fois
  • Le résultat moyen est 12 sur 20
Statistiques - réponses
Question Réponse % Correct
Les procaryotes sont unicellulaires vrai
90%
Les procaryotes ne sont présent que dans des environnements stable et non extrême faux
84%
Les procaryotes sont plus grand que les eucaryotes faux
84%
Les procaryotes ont des ribosomes libre dans leurs cytoplasme vrai
78%
Des petites molécules d'ADN indépendante de l'ADN principale peuvent être présente dans le cytoplasme des procaryotes vrai
77%
Un procaryote en forme de sphère est appelé bacille faux
70%
Le choléra, le tétanos et les autres maladies bactériennes ne sont pas procaryotes faux
70%
L'ADN est présent dans le noyau des procaryotes faux
70%
Les anaérobie stricte meurent en présence d'oxygène vrai
66%
Les bactéries à Gram négatif n'ont pas de paroi cellulaire faux
62%
Les archées sont un type de procaryotes qui ont exclusivement besoin d'oxygène pour survivre faux
56%
Les procaryotes ont une paroi cellulaire comme les végétaux vrai
56%
Les procaryotes répliquent leur ADN en continue vrai
54%
Les procaryotes chimioautotrophes n'ont besoin que de CO2 comme source d'énergie vrai
45%
Les procaryotes sont scindés en 3 groupes faux
42%
La membrane plasmique des archées est la même que celle des eucaryotes faux
41%
Les procaryotes ne possèdent pas d'organites vrai
41%
LUCA est le premier organisme vivant faux
37%
L'ancêtre commun des trois domaine du vivant est le progénote vrai
36%
Les procaryotes hétérotrophes se nourrissent par phagocytose faux
26%
Aucun quiz correspondant
Distribution des résultats
% des personnes avec chaque résultat
Percentile par nombre de réponses
Votre historique - résultats
Vous n’avez pas pris ce quiz